000 00861nam a2200265Ia 4500
008 130821s2002 sp gr spa
020 _a8477389586
040 _aCo-BoUCM
_bspa
041 0 0 _aspa
100 1 _aBlumenberg, Hans
_91164
245 1 3 _aLa posibilidad de comprenderse obra póstuma
_cHans Blumenberg
260 _aMadrid (España)
_bEditorial Sintesis
_c2002
300 _a171 páginas
490 _aColección Perspectivas
_v2
504 _aIncluye bibliografía.
650 0 4 _aComprensión
_911315
650 0 4 _aFilosofía alemana
_97622
650 0 4 _aFilosofía moderna
_915835
650 0 4 _aFilosofía
_975
700 1 _aGonzález, César
_etrad.
_945654
700 1 _aInnerarity, Daniel
_epról.
_9129617
765 _aEin Mogliches selbstvertandnis
942 _cLIBRO
_a2
_e1
_mB658p
_2DEWEY
_h193
999 _c54937
_d54937